| 000 | 01080nam a22002655a 4500 | ||
|---|---|---|---|
| 003 | OSt | ||
| 005 | 20170207112417.0 | ||
| 008 | 160922s2016 ua frb 000 0 ara d | ||
| 015 | _a2016 / 8837 | ||
| 020 | _a9789770480861 | ||
| 040 |
_aEG-ScBUE _bara _cEG-ScBUE _dEG-ScBUE |
||
| 043 | _af-ua--- | ||
| 082 | 0 | 4 |
_a343.6209944 _bع ب د _222 |
| 100 | 1 | _aعبد الصادق، محمد سامي. | |
| 245 | 1 | 0 |
_aشبكات التواصل الاجتماعي ومخاطر انتهاك الحق في الخصوصية / _cمحمد سامي عبد الصادق. |
| 260 |
_a[القاهرة] : _bدار النهضة العربية، _c2016. |
||
| 300 |
_a148 ص. ؛ _c24 سم. |
||
| 504 | _aيشتمل على إرجاعات ببليوجرافية. | ||
| 650 | 7 |
_aالشبكات الاجتماعية _xقوانين وتشريعات _zمصر. _2BUEsh |
|
| 650 | 7 |
_aوسائل الإعلام _xقوانين وتشريعات _zمصر. _2BUEsh |
|
| 650 | 7 |
_aالإنترنت _xقوانين وتشريعات _zمصر. _2BUEsh |
|
| 651 | _2BUEsh | ||
| 653 |
_bLLAAWW _cJanuary2017 |
||
| 942 | _2ddc | ||
| 999 |
_c24040 _d24012 |
||